Missing Word: Red Things II Quiz Stats

 Plays Quiz Updated Oct 6, 2016

Challenge
Share
Tweet
Embed
Score 0/20 Timer 04:00
0 Plays Today
Hint Answer % Correct
Red _____Carpet
94.2%
Red ____Light
93%
Red-_____ FlightEye
93%
The Red _______ of CourageBadge
92.5%
Red _____Head
86.9%
Little Red _____Wagon
80.9%
Red _____ at NightSky
79.2%
The Red _____Baron
78.5%
Red _____ SocietyHat
78.5%
Red _____State
77.7%
Hint Answer % Correct
Red _____Panda
76.3%
Red _____ DayLetter
76%
Ruby Red _____Grapefruit
74.8%
Red _____Herring
72.2%
Red _____Coats
70%
Great Red _____Spot
63%
Red _____Queen
57.2%
Red _____ ShowPiano
53.2%
Red _____Dawn
52.1%
Red ____ for a Blue LadyRoses
51.4%

Today's Daily Dose

Missing Word
Hayao Miyazaki

Word Ladder
Florida

On This Day
December 13th II

You're not logged in!

Compare scores with friends on all Sporcle quizzes.
OR
Log In

You Might Also Like...

Show Comments

Extras

Top Quizzes Today


Score Distribution

Your Account Isn't Verified!

In order to create a playlist on Sporcle, you need to verify the email address you used during registration. Go to your Sporcle Settings to finish the process.

Report this User

Report this user for behavior that violates our Community Guidelines.

Details: